[Event "Let's Play Chess!"]
[Site "http://www.queenalice.com/game.php?id=1866406"]
[Date "2025.12.1"]
[Round "-"]
[White "alterego"]
[Black "alow_proton"]
[Result "0-1"]
[WhiteElo "1525"]
[BlackElo "1928"]

1. d4 d5 2. g3 h6 3. Bg2 Nf6 4. Nf3 Bf5 5. Nc3 e6 6. O-O c5 7. Nb5 a6 8. Nc3 Nc6
9. Bf4 cxd4 10. Nxd4 Bg4 11. f3 Bh5 12. Nxc6 bxc6 13. e4 Bc5+ 14. Kh1 O-O 15.
Na4 Ba7 16. Qd3 Qc8 17. e5 Bg6 18. Qd2 Nd7 19. Rac1 c5 20. Be3 Nxe5 21. f4 Nc4
22. Qe2 Nxe3 23. Qxe3 Qc7 24. c4 d4 25. Qe5 Qxe5 26. fxe5 Rab8 27. Rf4 Rb4 28.
b3 Rd8 29. Nb2 Bb8 30. Be4 Bxe5 31. Rg4 Bxe4+ 32. Rxe4 Bf6 33. Nd3 Rb6 34. Nxc5
d3 35. Na4 Rc6 36. Nc3 Bg5 37. Rf1 d2 38. Nd1 f5 39. Re5 Bf6 0-1